[Event "14. Torneo Almansa 2019 Grupo B"]
[Site "Almansa ESP"]
[Date "2019.08.07"]
[Round "1.1"]
[White "Diaz Rodriguez, Jose Antonio"]
[Black "Lines, David"]
[Result "1-0"]
[WhiteElo "1979"]
[BlackElo "1511"]
[PlyCount "79"]
[EventDate "2019.08.07"]
[EventType "swiss"]
[EventRounds "7"]
[EventCountry "ESP"]
[SourceTitle "Ajedrez en Madrid"]
[Source "lmi"]
[SourceDate "2019.08.07"]
[SourceVersion "1"]
[SourceVersionDate "2019.08.11"]
[SourceQuality "1"]

1. e4 Nf6 2. e5 Nd5 3. Bc4 Nb6 4. Bb3 d5 5. d4 Bf5 6. Ne2 e6 7. Ng3 Bg6 8. O-O
c5 9. c3 cxd4 10. cxd4 Be7 11. Nc3 O-O 12. f4 f5 13. Be3 Nc6 14. Qe2 Na5 15.
Bc2 Be8 16. Bd3 a6 17. Nh1 Rc8 18. g4 Nac4 19. gxf5 exf5 20. Ng3 g6 21. Rac1
Kh8 22. Bf2 Rc6 23. b3 Na5 24. Qf3 Re6 25. Be1 Nc6 26. Nge2 g5 27. fxg5 Bxg5
28. Rd1 Rh6 29. Bxf5 Bh5 30. Qd3 Nb4 31. Qb1 Be3+ 32. Kh1 Qg5 33. Bg3 Bg4 34.
Bxg4 Rxf1+ 35. Rxf1 Qxg4 36. Rf8+ Kg7 37. Qf1 Qe6 38. Rb8 Qe7 39. e6 Rg6 40.
Be5+ 1-0

[Event "14. Torneo Almansa 2019 Grupo B"]
[Site "Almansa ESP"]
[Date "2019.08.07"]
[Round "1.2"]
[White "Monteblanco Pinero, Raul Santiag"]
[Black "Martinez Sanchez, Gregorio"]
[Result "0-1"]
[WhiteElo "1510"]
[BlackElo "1979"]
[PlyCount "60"]
[EventDate "2019.08.07"]
[EventType "swiss"]
[EventRounds "7"]
[EventCountry "ESP"]
[SourceTitle "Ajedrez en Madrid"]
[Source "lmi"]
[SourceDate "2019.08.07"]
[SourceVersion "1"]
[SourceVersionDate "2019.08.11"]
[SourceQuality "1"]

1. c4 e5 2. Nc3 Nf6 3. g3 d5 4. Bg2 d4 5. Ne4 Be7 6. d3 Nbd7 7. Nf3 Nxe4 8.
dxe4 O-O 9. e3 c5 10. O-O Qc7 11. Qc2 b6 12. Ne1 Bb7 13. f4 Rac8 14. b3 Bd6 15.
Nd3 Nf6 16. exd4 cxd4 17. Qe2 Rfe8 18. Bb2 exf4 19. Nxf4 Nxe4 20. Bxd4 Bc5 21.
Qb2 Rcd8 22. Rad1 Rxd4 23. Rxd4 Rd8 24. Rfd1 Qe5 25. Ne2 Qf6 26. Bxe4 Bxe4 27.
Qc3 Qf3 28. Qxf3 Bxf3 29. Kf1 Bxe2+ 30. Kxe2 Rxd4 0-1

[Event "14. Torneo Almansa 2019 Grupo B"]
[Site "Almansa ESP"]
[Date "2019.08.07"]
[Round "1.3"]
[White "Santa Puche, Pedro Jose"]
[Black "Jimenez Tejada, Juan Jose"]
[Result "1-0"]
[WhiteElo "1970"]
[BlackElo "1496"]
[PlyCount "61"]
[EventDate "2019.08.07"]
[EventType "swiss"]
[EventRounds "7"]
[EventCountry "ESP"]
[SourceTitle "Ajedrez en Madrid"]
[Source "lmi"]
[SourceDate "2019.08.07"]
[SourceVersion "1"]
[SourceVersionDate "2019.08.11"]
[SourceQuality "1"]

1. e4 c5 2. Nc3 Nc6 3. f4 e6 4. Nf3 d5 5. exd5 exd5 6. Bb5 Nge7 7. Qe2 f6 8. d4
c4 9. b3 cxb3 10. axb3 Kf7 11. O-O Nf5 12. Be3 Bb4 13. Nxd5 Nxe3 14. Nxe3 Re8
15. Bc4+ Kf8 16. Qd3 g6 17. c3 Bd6 18. f5 Kg7 19. fxg6 hxg6 20. Nh4 Ne7 21.
Rxf6 Kxf6 22. Rf1+ Kg7 23. Rf7+ Kh6 24. Qd2 g5 25. Qd3 Rh8 26. Nf3 Bf4 27. h4
Qd6 28. Qe4 Bxe3+ 29. Qxe3 Rg8 30. hxg5+ Kh5 31. Rh7+ 1-0

[Event "14. Torneo Almansa 2019 Grupo B"]
[Site "Almansa ESP"]
[Date "2019.08.07"]
[Round "1.4"]
[White "Vicente Navarro, Juan Manuel"]
[Black "Tarraga Navarro, Pablo"]
[Result "0-1"]
[WhiteElo "1492"]
[BlackElo "1963"]
[PlyCount "68"]
[EventDate "2019.08.07"]
[EventType "swiss"]
[EventRounds "7"]
[EventCountry "ESP"]
[SourceTitle "Ajedrez en Madrid"]
[Source "lmi"]
[SourceDate "2019.08.07"]
[SourceVersion "1"]
[SourceVersionDate "2019.08.11"]
[SourceQuality "1"]

1. e4 e6 2. d4 b6 3. Nd2 Bb7 4. Bd3 c5 5. c3 Nf6 6. Ne2 Nc6 7. O-O Be7 8. f3
O-O 9. Qc2 cxd4 10. cxd4 Nb4 11. Qb3 a5 12. Bb5 a4 13. Bxa4 Ba6 14. Nc3 Bd3 15.
Qd1 Bxf1 16. Qxf1 e5 17. dxe5 Bc5+ 18. Kh1 Nh5 19. g3 Qg5 20. Qg2 Qxe5 21. Nb3
Nd3 22. Nxc5 Qxc5 23. Qe2 Nxc1 24. Rxc1 Rxa4 25. Nxa4 Qxc1+ 26. Kg2 Rc8 27. Nc3
Nf6 28. Kh3 h6 29. Qa6 Rc5 30. Qa8+ Kh7 31. g4 h5 32. e5 hxg4+ 33. Kg3 Qe1+ 34.
Kf4 Qxe5# 0-1

[Event "14. Torneo Almansa 2019 Grupo B"]
[Site "Almansa ESP"]
[Date "2019.08.07"]
[Round "1.5"]
[White "Tomczak, Andrzej"]
[Black "Moreno Gutierrez, Victor Manuel"]
[Result "1-0"]
[WhiteElo "1960"]
[BlackElo "1486"]
[PlyCount "59"]
[EventDate "2019.08.07"]
[EventType "swiss"]
[EventRounds "7"]
[EventCountry "ESP"]
[SourceTitle "Ajedrez en Madrid"]
[Source "lmi"]
[SourceDate "2019.08.07"]
[SourceVersion "1"]
[SourceVersionDate "2019.08.11"]
[SourceQuality "1"]

1. d4 Nf6 2. Bf4 g6 3. Nf3 Bg7 4. e3 d6 5. h3 O-O 6. Be2 Nbd7 7. O-O Ne4 8.
Nbd2 Nxd2 9. Qxd2 e5 10. Bh2 e4 11. Ne1 f5 12. c4 g5 13. Rc1 Nf6 14. f3 g4 15.
Bf4 exf3 16. gxf3 gxh3 17. Kh2 Nh5 18. Nd3 Kh8 19. Rg1 Qe8 20. Kxh3 Nxf4+ 21.
Nxf4 Bh6 22. Kg2 Bxf4 23. exf4 Bd7 24. d5 Qe7 25. Rh1 Rae8 26. Kf2 Rg8 27. Rh2
Rg6 28. Rch1 Reg8 29. Qc3+ Qg7 30. Rxh7# 1-0

[Event "14. Torneo Almansa 2019 Grupo B"]
[Site "Almansa ESP"]
[Date "2019.08.07"]
[Round "2.1"]
[White "Noblejas Carreto, Victor"]
[Black "Diaz Rodriguez, Jose Antonio"]
[Result "1-0"]
[WhiteElo "1742"]
[BlackElo "1979"]
[PlyCount "77"]
[EventDate "2019.08.07"]
[EventType "swiss"]
[EventRounds "7"]
[EventCountry "ESP"]
[SourceTitle "Ajedrez en Madrid"]
[Source "lmi"]
[SourceDate "2019.08.07"]
[SourceVersion "1"]
[SourceVersionDate "2019.08.11"]
[SourceQuality "1"]

1. e4 d6 2. Nf3 Nf6 3. Nc3 g6 4. d4 Bg7 5. Be2 O-O 6. O-O c6 7. a4 a5 8. h3 b6
9. Be3 Ba6 10. Nd2 e5 11. dxe5 dxe5 12. Bxa6 Rxa6 13. Nc4 Qc7 14. Qe2 Nfd7 15.
Rfd1 Ra7 16. Rd2 Na6 17. Nxa5 bxa5 18. Bxa7 Qxa7 19. Rxd7 Qxd7 20. Qxa6 Qc7 21.
Rd1 Rb8 22. b3 Rb4 23. Qd3 Rd4 24. Qe2 Bf8 25. Rxd4 exd4 26. Nb1 Qf4 27. Nd2
Bb4 28. Nc4 h5 29. g3 Qf6 30. Kg2 Kg7 31. f4 h4 32. e5 Qe7 33. g4 Qd7 34. Qe4
Bc3 35. f5 g5 36. Nd6 f6 37. Nc4 d3 38. e6 Qc7 39. Qxd3 1-0

[Event "14. Torneo Almansa 2019 Grupo B"]
[Site "Almansa ESP"]
[Date "2019.08.07"]
[Round "2.3"]
[White "Perez Fernandez, Jose Vicente"]
[Black "Santa Puche, Pedro Jose"]
[Result "1/2-1/2"]
[WhiteElo "1733"]
[BlackElo "1970"]
[PlyCount "70"]
[EventDate "2019.08.07"]
[EventType "swiss"]
[EventRounds "7"]
[EventCountry "ESP"]
[SourceTitle "Ajedrez en Madrid"]
[Source "lmi"]
[SourceDate "2019.08.07"]
[SourceVersion "1"]
[SourceVersionDate "2019.08.11"]
[SourceQuality "1"]

1. c4 e5 2. g3 Nc6 3. Bg2 f5 4. Nc3 Nf6 5. d3 Bb4 6. Bd2 O-O 7. e3 Bxc3 8. Bxc3
d6 9. Ne2 Qe8 10. b4 Nd8 11. a4 Rb8 12. a5 Bd7 13. b5 c6 14. Rb1 Ne6 15. b6 a6
16. O-O Qh5 17. d4 exd4 18. Bxd4 Nxd4 19. exd4 Qf7 20. d5 c5 21. Nc3 Ng4 22.
Ne2 Rbe8 23. Qc2 Kh8 24. h3 Ne5 25. f4 Ng6 26. Kh2 Re3 27. Ng1 Rfe8 28. Rf3 h6
29. Rbf1 Nf8 30. Rxe3 Rxe3 31. Rf3 Re1 32. Rf2 Qf6 33. Re2 Qa1 34. Rxe1 Qxe1
35. Qe2 Qxe2 1/2-1/2

[Event "14. Torneo Almansa 2019 Grupo B"]
[Site "Almansa ESP"]
[Date "2019.08.07"]
[Round "2.4"]
[White "Tarraga Navarro, Pablo"]
[Black "Margalef Hernandez, Jesus"]
[Result "1-0"]
[WhiteElo "1963"]
[BlackElo "1690"]
[PlyCount "77"]
[EventDate "2019.08.07"]
[EventType "swiss"]
[EventRounds "7"]
[EventCountry "ESP"]
[SourceTitle "Ajedrez en Madrid"]
[Source "lmi"]
[SourceDate "2019.08.07"]
[SourceVersion "1"]
[SourceVersionDate "2019.08.11"]
[SourceQuality "1"]

1. e4 d5 2. exd5 Nf6 3. d4 Nxd5 4. c4 Nb6 5. Nc3 Nc6 6. Be3 Bf5 7. a3 e6 8. Nf3
Be7 9. Be2 O-O 10. O-O a5 11. d5 exd5 12. cxd5 Nb8 13. Bxb6 cxb6 14. Nd4 Bg6
15. Ndb5 Na6 16. Rc1 Rc8 17. d6 Bf6 18. Nd5 Rxc1 19. Nxf6+ Qxf6 20. Qxc1 Nc5
21. Rd1 Rd8 22. Bf3 Be4 23. Bxe4 Nxe4 24. f3 Nc5 25. b4 axb4 26. axb4 Na6 27.
Qe3 Qe6 28. Qxb6 Qd7 29. Nc3 f5 30. b5 Nb8 31. Nd5 Kf7 32. Nc7 Qc8 33. Re1 Nd7
34. Re7+ Kg6 35. Qd4 Nf6 36. b6 Rd7 37. g4 Qd8 38. gxf5+ Kxf5 39. Qd3+ 1-0

[Event "14. Torneo Almansa 2019 Grupo B"]
[Site "Almansa ESP"]
[Date "2019.08.07"]
[Round "2.5"]
[White "Ortega Andres, Fernando"]
[Black "Tomczak, Andrzej"]
[Result "1/2-1/2"]
[WhiteElo "1714"]
[BlackElo "1960"]
[PlyCount "69"]
[EventDate "2019.08.07"]
[EventType "swiss"]
[EventRounds "7"]
[EventCountry "ESP"]
[SourceTitle "Ajedrez en Madrid"]
[Source "lmi"]
[SourceDate "2019.08.07"]
[SourceVersion "1"]
[SourceVersionDate "2019.08.11"]
[SourceQuality "1"]

1. e4 d6 2. f4 g6 3. Nf3 Bg7 4. Bc4 c6 5. Nc3 b5 6. Nxb5 d5 7. Bb3 dxe4 8. Ng5
e6 9. Nc3 Ne7 10. Qe2 O-O 11. Qxe4 Nd5 12. O-O Na6 13. d3 Nxc3 14. bxc3 Bxc3
15. Be3 h6 16. Bxe6 hxg5 17. Qxg6+ Bg7 18. Bxf7+ Rxf7 19. fxg5 Bf5 20. Rxf5
Rxf5 21. Qxf5 Qe7 22. Re1 Rf8 23. Qh3 Qf7 24. Qh4 Nc7 25. Bc5 Re8 26. Rf1 Qg6
27. Qc4+ Nd5 28. h4 Kh7 29. Qg4 Nf6 30. Qf3 Nd7 31. Bxa7 Rf8 32. Qe4 Qxe4 33.
dxe4 Re8 34. Rf7 Ne5 35. Rc7 1/2-1/2

[Event "14. Torneo Almansa 2019 Grupo B"]
[Site "Almansa ESP"]
[Date "2019.08.07"]
[Round "2.6"]
[White "Rubio Cuartero, Javier"]
[Black "Reig Albero, Ferran"]
[Result "0-1"]
[WhiteElo "1679"]
[BlackElo "1948"]
[PlyCount "66"]
[EventDate "2019.08.07"]
[EventType "swiss"]
[EventRounds "7"]
[EventCountry "ESP"]
[SourceTitle "Ajedrez en Madrid"]
[Source "lmi"]
[SourceDate "2019.08.07"]
[SourceVersion "1"]
[SourceVersionDate "2019.08.11"]
[SourceQuality "1"]

1. e4 c5 2. Nf3 d6 3. d4 cxd4 4. Nxd4 Nf6 5. Nc3 Nc6 6. f3 e5 7. Nb3 Be7 8. Be3
O-O 9. Qd2 a5 10. a4 Be6 11. Rd1 Nb4 12. Bb5 Qc7 13. Qf2 d5 14. Bb6 Qc8 15. Bd3
d4 16. Nb5 Ra6 17. Na7 Nxd3+ 18. Rxd3 Qa8 19. Bxd4 exd4 20. Nb5 Qc8 21. N3xd4
Bc4 22. Rd2 Bc5 23. c3 Rd8 24. Qe3 Rb6 25. h4 Bxb5 26. axb5 Rxb5 27. O-O Rb6
28. Qg5 h6 29. Qe3 Re6 30. g3 Qc7 31. Kh2 Ree8 32. Rfd1 Nh5 33. Qe1 Nxg3 0-1

[Event "14. Torneo Almansa 2019 Grupo B"]
[Site "Almansa ESP"]
[Date "2019.08.08"]
[Round "3.1"]
[White "Sempere Domenech, Abel"]
[Black "Tarraga Navarro, Pablo"]
[Result "0-1"]
[WhiteElo "1853"]
[BlackElo "1963"]
[PlyCount "82"]
[EventDate "2019.08.07"]
[EventType "swiss"]
[EventRounds "7"]
[EventCountry "ESP"]
[SourceTitle "Ajedrez en Madrid"]
[Source "lmi"]
[SourceDate "2019.08.07"]
[SourceVersion "1"]
[SourceVersionDate "2019.08.11"]
[SourceQuality "1"]

1. Nf3 Nf6 2. b3 d5 3. Bb2 e6 4. c4 Nbd7 5. g3 Be7 6. Bg2 c6 7. O-O O-O 8. d3
b6 9. Nbd2 Bb7 10. Rc1 c5 11. cxd5 Bxd5 12. Nc4 Rc8 13. Nfe5 Bxg2 14. Kxg2 b5
15. Ne3 Nxe5 16. Bxe5 Nd5 17. Qd2 Qd7 18. Kg1 Rfd8 19. Ba1 f5 20. Be5 Rf8 21.
Rfd1 Bf6 22. Bxf6 Rxf6 23. d4 Nxe3 24. Qxe3 c4 25. bxc4 bxc4 26. Rd2 Qd5 27.
Qc3 f4 28. Rdc2 fxg3 29. hxg3 Rh6 30. f3 Qh5 31. Qe1 Qd5 32. Qf2 Rh3 33. e4 Qg5
34. g4 Qh6 35. Qg2 Qe3+ 36. Qf2 Qf4 37. Rc3 Rf8 38. R1c2 Qh6 39. Qg2 Qh4 40. f4
Qe1+ 41. Qf1 Rh1+ 0-1

[Event "14. Torneo Almansa 2019 Grupo B"]
[Site "Almansa ESP"]
[Date "2019.08.08"]
[Round "3.2"]
[White "Reig Albero, Ferran"]
[Black "Manzano Garcia, Manuel"]
[Result "0-1"]
[WhiteElo "1948"]
[BlackElo "1771"]
[PlyCount "50"]
[EventDate "2019.08.07"]
[EventType "swiss"]
[EventRounds "7"]
[EventCountry "ESP"]
[SourceTitle "Ajedrez en Madrid"]
[Source "lmi"]
[SourceDate "2019.08.07"]
[SourceVersion "1"]
[SourceVersionDate "2019.08.11"]
[SourceQuality "1"]

1. e4 c5 2. Nf3 Nc6 3. d4 cxd4 4. Nxd4 Nf6 5. Nc3 g6 6. Be3 Bg7 7. Bc4 O-O 8.
Bb3 a5 9. O-O a4 10. Nxa4 Nxe4 11. Nb5 d6 12. Qe2 Nf6 13. Rfd1 Be6 14. c4 Ng4
15. Bb6 Qc8 16. h3 Nge5 17. Rac1 Na5 18. Be3 Nxb3 19. axb3 Bxc4 20. Rxc4 Nxc4
21. Rc1 d5 22. Nb6 Nxb6 23. Rxc8 Nxc8 24. Nc7 Ra1+ 25. Kh2 Be5+ 0-1

[Event "14. Torneo Almansa 2019 Grupo B"]
[Site "Almansa ESP"]
[Date "2019.08.08"]
[Round "3.4"]
[White "Muñoz Candela, Pedro"]
[Black "Hernandez Torralba, Sergio"]
[Result "0-1"]
[WhiteElo "1573"]
[BlackElo "1856"]
[PlyCount "50"]
[EventDate "2019.08.07"]
[EventType "swiss"]
[EventRounds "7"]
[EventCountry "ESP"]
[SourceTitle "Ajedrez en Madrid"]
[Source "lmi"]
[SourceDate "2019.08.07"]
[SourceVersion "1"]
[SourceVersionDate "2019.08.11"]
[SourceQuality "1"]

1. e4 c5 2. Nf3 g6 3. d4 cxd4 4. Nxd4 Bg7 5. Be3 Nc6 6. c3 Nf6 7. f3 O-O 8. Bc4
d5 9. Nxc6 bxc6 10. exd5 cxd5 11. Bd3 Qc7 12. O-O Rb8 13. Qd2 Nd7 14. Qf2 Ne5
15. Rd1 a5 16. a4 Nxd3 17. Rxd3 e6 18. Bc5 Ba6 19. Bxf8 Bxf8 20. Qd2 Qc4 21.
Na3 Qxd3 22. Qf4 Rxb2 23. h4 Qxc3 24. Nb5 Rxb5 25. Rc1 Rb4 0-1

[Event "14. Torneo Almansa 2019 Grupo B"]
[Site "Almansa ESP"]
[Date "2019.08.08"]
[Round "3.21"]
[White "Ramos Saavedra, Mario"]
[Black "Noblejas Carreto, Victor"]
[Result "1-0"]
[WhiteElo "1908"]
[BlackElo "1742"]
[PlyCount "147"]
[EventDate "2019.08.07"]
[EventType "swiss"]
[EventRounds "7"]
[EventCountry "ESP"]
[SourceTitle "Ajedrez en Madrid"]
[Source "lmi"]
[SourceDate "2019.08.07"]
[SourceVersion "1"]
[SourceVersionDate "2019.08.11"]
[SourceQuality "1"]

1. e4 e6 2. Qe2 d5 3. exd5 Qxd5 4. Nc3 Qd8 5. Nf3 Nf6 6. d4 c6 7. Bg5 Be7 8. g3
O-O 9. Bg2 Nbd7 10. O-O Re8 11. Rad1 Nd5 12. Bxe7 Qxe7 13. Ne4 N7f6 14. c4 Nxe4
15. Qxe4 Nf6 16. Qe3 Qb4 17. b3 Bd7 18. Ne5 Rad8 19. h3 Re7 20. Rfe1 Be8 21. f4
Qb6 22. g4 Nd7 23. c5 Qc7 24. Nc4 Nf6 25. Nd6 Bd7 26. g5 Ne8 27. Nf5 exf5 28.
Qxe7 Be6 29. Rxe6 fxe6 30. Qxe6+ Qf7 31. Qxf7+ Kxf7 32. d5 Nc7 33. d6 Ne6 34.
b4 Nxf4 35. b5 Nxg2 36. bxc6 bxc6 37. Kxg2 Ke6 38. Kf3 Re8 39. Kf4 g6 40. Rd3
Rd8 41. h4 a6 42. h5 Rh8 43. h6 Rd8 44. Rd2 Rd7 45. Re2+ Kf7 46. Re5 Rb7 47.
Ke3 Kf8 48. Re6 Rf7 49. Kf4 Rd7 50. Rf6+ Ke8 51. Ke5 Rf7 52. Ke6 Rb7 53. Ke5
Rf7 54. Kf4 Rb7 55. Re6+ Kd8 56. Ke5 Rf7 57. a3 a5 58. a4 Kd7 59. Rf6 Ke8 60.
d7+ Rxd7 61. Rxc6 Re7+ 62. Kf4 Re4+ 63. Kf3 Kd7 64. Ra6 Rxa4 65. Ra7+ Kc6 66.
Rxh7 Rg4 67. Rh8 Rxg5 68. h7 Rh5 69. Rc8+ Kb7 70. h8=Q Rxh8 71. Rxh8 Kc6 72.
Ra8 Kxc5 73. Rxa5+ Kd4 74. Kf4 1-0

[Event "14. Torneo Almansa 2019 Grupo B"]
[Site "Almansa ESP"]
[Date "2019.08.08"]
[Round "4.1"]
[White "Tarraga Navarro, Pablo"]
[Black "Perez Garcia, Jose Miguel"]
[Result "0-1"]
[WhiteElo "1963"]
[BlackElo "1904"]
[PlyCount "84"]
[EventDate "2019.08.07"]
[EventType "swiss"]
[EventRounds "7"]
[EventCountry "ESP"]
[SourceTitle "Ajedrez en Madrid"]
[Source "lmi"]
[SourceDate "2019.08.07"]
[SourceVersion "1"]
[SourceVersionDate "2019.08.11"]
[SourceQuality "1"]

1. d4 Nf6 2. Nf3 c5 3. e3 g6 4. Nbd2 cxd4 5. exd4 Bg7 6. Be2 O-O 7. O-O Nc6 8.
b3 Nd5 9. Bb2 Nf4 10. Re1 Nxe2+ 11. Qxe2 d5 12. Rac1 Re8 13. Ne5 Nxe5 14. dxe5
Qa5 15. a3 b6 16. b4 Qa6 17. Qf3 Qb7 18. Nb3 a5 19. bxa5 bxa5 20. Bd4 Bf5 21.
Nc5 Qc6 22. g4 Be6 23. Rb1 Rab8 24. c4 Rbd8 25. Nxe6 fxe6 26. c5 Qa4 27. Qc3
Rf8 28. c6 Rc8 29. c7 Rxc7 30. Qxc7 Qxd4 31. Re3 Qxg4+ 32. Rg3 Qf5 33. Qb6 Bxe5
34. Rg2 Bd4 35. Qb5 Bxf2+ 36. Kh1 Be3 37. Re1 d4 38. Qc4 Kg7 39. h4 Qh3+ 40.
Rh2 Qf3+ 41. Rg2 Rf4 42. Rxe3 Rxh4+ 0-1

[Event "14. Torneo Almansa 2019 Grupo B"]
[Site "Almansa ESP"]
[Date "2019.08.08"]
[Round "4.2"]
[White "Moya Albaladejo, Jose Antonio"]
[Black "Hernandez Torralba, Sergio"]
[Result "1-0"]
[WhiteElo "1921"]
[BlackElo "1856"]
[PlyCount "73"]
[EventDate "2019.08.07"]
[EventType "swiss"]
[EventRounds "7"]
[EventCountry "ESP"]
[SourceTitle "Ajedrez en Madrid"]
[Source "lmi"]
[SourceDate "2019.08.07"]
[SourceVersion "1"]
[SourceVersionDate "2019.08.11"]
[SourceQuality "1"]

1. e4 c5 2. Nf3 d6 3. Bb5+ Bd7 4. Bxd7+ Qxd7 5. O-O Nf6 6. Qe2 Nc6 7. Rd1 e6 8.
b3 Be7 9. Bb2 O-O 10. d4 cxd4 11. Nxd4 a6 12. c4 Nxd4 13. Rxd4 Qc6 14. Nc3 Rfd8
15. Rc1 Ne8 16. Rd3 Bf6 17. f4 Nc7 18. Kh1 Rd7 19. Rg3 Rad8 20. Nd5 Bxb2 21.
Qxb2 Ne8 22. Nc3 Qc5 23. Rd1 b5 24. cxb5 axb5 25. a4 b4 26. Nb5 d5 27. Rgd3 Nc7
28. Nxc7 Qxc7 29. Qd2 Qb7 30. Rd4 Rb8 31. exd5 Rxd5 32. Rxd5 exd5 33. Qxd5 Qe7
34. h3 h6 35. Kh2 Rc8 36. Rd3 Kh7 37. Qf5+ 1-0

[Event "14. Torneo Almansa 2019 Grupo B"]
[Site "Almansa ESP"]
[Date "2019.08.08"]
[Round "4.3"]
[White "Manzano Garcia, Manuel"]
[Black "Ramos Saavedra, Mario"]
[Result "1/2-1/2"]
[WhiteElo "1771"]
[BlackElo "1908"]
[PlyCount "121"]
[EventDate "2019.08.07"]
[EventType "swiss"]
[EventRounds "7"]
[EventCountry "ESP"]
[SourceTitle "Ajedrez en Madrid"]
[Source "lmi"]
[SourceDate "2019.08.07"]
[SourceVersion "1"]
[SourceVersionDate "2019.08.11"]
[SourceQuality "1"]

1. e4 c5 2. c3 Nf6 3. e5 Nd5 4. d4 cxd4 5. cxd4 d6 6. Nf3 e6 7. exd6 Qxd6 8.
Nc3 a6 9. a3 h6 10. Bd3 Be7 11. O-O O-O 12. Nxd5 Qxd5 13. Re1 Rd8 14. Bd2 Nc6
15. Bc3 Bf6 16. Be4 Qd6 17. Re3 Ne7 18. Bb4 Qd7 19. Bxe7 Qxe7 20. Rc1 Rb8 21.
Rd3 b5 22. d5 exd5 23. Bxd5 Bf5 24. Rd2 Rbc8 25. Rxc8 Rxc8 26. Nd4 Bg6 27. g3
Rc7 28. h4 Qc5 29. Ne2 Bh5 30. Qb3 Re7 31. Bf3 Bg6 32. Kg2 Qc4 33. Qd1 Rc7 34.
Nf4 Bc2 35. Qe1 Re7 36. Qc1 Bb3 37. Rd8+ Kh7 38. Qb1+ Bc2 39. Qc1 Re5 40. Rd2
Rc5 41. Rxc2 Qxc2 42. Qxc2+ Rxc2 43. Be4+ Kg8 44. Bxc2 Bxb2 45. a4 bxa4 46.
Bxa4 g5 47. hxg5 hxg5 48. Nd3 Bc3 49. Kf3 Kg7 50. Kg4 Bd2 51. Nc5 Be1 52. Kf3
a5 53. Ke2 Bb4 54. Nd3 Bd6 55. g4 Kg6 56. Bd7 Kf6 57. Kd2 Ke7 58. Bf5 Kf6 59.
Kc3 a4 60. Nb2 Be5+ 61. Kb4 1/2-1/2

[Event "14. Torneo Almansa 2019 Grupo B"]
[Site "Almansa ESP"]
[Date "2019.08.08"]
[Round "4.4"]
[White "Martinez Sanchez, Gregorio"]
[Black "Catalan Gasque, Noelia"]
[Result "1/2-1/2"]
[WhiteElo "1979"]
[BlackElo "1789"]
[PlyCount "66"]
[EventDate "2019.08.07"]
[EventType "swiss"]
[EventRounds "7"]
[EventCountry "ESP"]
[SourceTitle "Ajedrez en Madrid"]
[Source "lmi"]
[SourceDate "2019.08.07"]
[SourceVersion "1"]
[SourceVersionDate "2019.08.11"]
[SourceQuality "1"]

1. e4 e6 2. d4 d5 3. Nc3 dxe4 4. Nxe4 Nf6 5. Bg5 Be7 6. Nxf6+ Bxf6 7. Be3 c5 8.
dxc5 Qxd1+ 9. Kxd1 Bxb2 10. Rb1 Bf6 11. Bb5+ Nc6 12. Nf3 Bd7 13. Kc1 O-O-O 14.
Ng5 Bxg5 15. Bxg5 f6 16. Be3 Ne5 17. Be2 Bc6 18. f3 Rd7 19. Rd1 Rhd8 20. Rxd7
Rxd7 21. f4 Ng6 22. g3 Kc7 23. Bg4 Re7 24. Kb2 e5 25. f5 Nf8 26. Be2 Rd7 27.
Kc3 Rd8 28. g4 h6 29. h4 Nh7 30. Bd3 Rd7 31. Rg1 a6 32. Be2 Bd5 33. a3 Bc6
1/2-1/2

[Event "14. Torneo Almansa 2019 Grupo B"]
[Site "Almansa ESP"]
[Date "2019.08.08"]
[Round "4.5"]
[White "Zambudio Marin, Pedro Jose"]
[Black "Santa Puche, Pedro Jose"]
[Result "0-1"]
[WhiteElo "1801"]
[BlackElo "1970"]
[PlyCount "58"]
[EventDate "2019.08.07"]
[EventType "swiss"]
[EventRounds "7"]
[EventCountry "ESP"]
[SourceTitle "Ajedrez en Madrid"]
[Source "lmi"]
[SourceDate "2019.08.07"]
[SourceVersion "1"]
[SourceVersionDate "2019.08.11"]
[SourceQuality "1"]

1. e4 c5 2. c4 Nc6 3. Nc3 d6 4. g3 e5 5. Bg2 g6 6. d3 Bg7 7. Nge2 Nge7 8. Be3
Be6 9. Qd2 Nd4 10. O-O h5 11. h3 Qd7 12. Kh2 f5 13. f3 O-O 14. Rab1 Nec6 15.
Bg1 Kh7 16. Nxd4 exd4 17. Ne2 Bh6 18. Qc2 Rf7 19. Rbe1 Raf8 20. Qd1 f4 21. Bf2
g5 22. Ng1 Ne5 23. gxf4 gxf4 24. h4 Rg7 25. Bh3 Rfg8 26. Bxe6 Rg2+ 27. Kh1 Qxe6
28. Qe2 Qg6 29. Nh3 Rh2+ 0-1

[Event "14. Torneo Almansa 2019 Grupo B"]
[Site "Almansa ESP"]
[Date "2019.08.09"]
[Round "5.1"]
[White "Perez Garcia, Jose Miguel"]
[Black "Moya Albaladejo, Jose Antonio"]
[Result "1/2-1/2"]
[WhiteElo "1904"]
[BlackElo "1921"]
[PlyCount "34"]
[EventDate "2019.08.07"]
[EventType "swiss"]
[EventRounds "7"]
[EventCountry "ESP"]
[SourceTitle "Ajedrez en Madrid"]
[Source "lmi"]
[SourceDate "2019.08.07"]
[SourceVersion "1"]
[SourceVersionDate "2019.08.11"]
[SourceQuality "1"]

1. d4 d5 2. c4 e6 3. Nc3 Nf6 4. cxd5 exd5 5. Bg5 Be7 6. Qc2 c6 7. e3 O-O 8. Bd3
Nbd7 9. Nf3 Re8 10. O-O Nf8 11. Rab1 a5 12. Ne5 Ng4 13. Bxe7 Qxe7 14. Nxg4 Bxg4
15. Bf5 Bxf5 16. Qxf5 Qe6 17. Qxe6 Nxe6 1/2-1/2

[Event "14. Torneo Almansa 2019 Grupo B"]
[Site "Almansa ESP"]
[Date "2019.08.09"]
[Round "5.2"]
[White "Santa Puche, Pedro Jose"]
[Black "Manzano Garcia, Manuel"]
[Result "1-0"]
[WhiteElo "1970"]
[BlackElo "1771"]
[PlyCount "75"]
[EventDate "2019.08.07"]
[EventType "swiss"]
[EventRounds "7"]
[EventCountry "ESP"]
[SourceTitle "Ajedrez en Madrid"]
[Source "lmi"]
[SourceDate "2019.08.07"]
[SourceVersion "1"]
[SourceVersionDate "2019.08.11"]
[SourceQuality "1"]

1. e4 c5 2. Nc3 g6 3. f4 Bg7 4. Nf3 Nc6 5. Bb5 Nd4 6. O-O e6 7. Nxd4 cxd4 8.
Ne2 a6 9. Ba4 Ne7 10. d3 O-O 11. Qe1 b5 12. Bb3 Bb7 13. Qf2 d5 14. e5 Nc6 15.
Nxd4 Nxd4 16. Qxd4 f6 17. Bd2 Qc7 18. Rae1 fxe5 19. fxe5 Rxf1+ 20. Kxf1 Rf8+
21. Kg1 Rf5 22. Bf4 Qf7 23. Bg3 h5 24. c3 g5 25. h4 gxh4 26. Qxh4 Bh6 27. Qd8+
Kg7 28. Bh4 Bd2 29. Bf6+ Kg6 30. Re2 Bg5 31. d4 Bxf6 32. exf6 Rxf6 33. Re3 Rf1+
34. Kh2 Rf4 35. Bc2+ Kg7 36. Rg3+ Rg4 37. Rf3 Qg8 38. Qf6# 1-0